College Football Matchups: James Madison - Statistics

General Stats
  • This quiz has been taken 19 times
  • The average score is 9 of 16
Answer Stats
Games Opponent Subdivision % Correct
19 Liberty Group of 5
85%
39 Richmond FCS
77%
20 Appalachian State Group of 5
69%
12 Georgia Southern Group of 5
69%
27 Delaware Group of 5
62%
10 Elon FCS
62%
29 Villanova FCS
62%
14 VMI FCS
62%
44 William & Mary FCS
62%
30 Towson FCS
54%
19 Maine FCS
38%
21 New Hampshire FCS
38%
15 Rhode Island FCS
38%
16 UMass Group of 5
31%
10 East Tennessee State FCS
23%
11 Morehead State FCS
23%
No matching quizzes found
Score Distribution
Percent of People with Each Score
Percentile by Number Answered
Your Score History
You have not taken this quiz